WW2 Battles by Images - Statistics

General Stats
  • This quiz has been taken 241 times
  • The average score is 10 of 16
Answer Stats
Picture Hint Answer % Correct
Russia Battle of Stalingrad
97%
France Battle of Normandy
96%
Germany Battle of Berlin
95%
Japan Battle of Iwo Jima
86%
United States Battle of Midway
81%
United Kingdom Battle of Britain
77%
Russia Battle of Moscow
75%
Italy Battle of Monte Cassino
72%
Japan Battle of Okinawa
66%
Egypt Battle of El Alamein
65%
Belarus Battle of Białystok–Minsk
61%
Russia Battle of Kursk
56%
Benelux and _____ Battle of France
49%
Philippines Battle of Leyte Gulf
36%
France Battle of Cherbourg
7%
Solomon Islands Battle of Guadalcanal
6%
No matching quizzes found
Score Distribution
Percent of People with Each Score
Percentile by Number Answered
Your Score History
You have not taken this quiz